Národnopisné múzeum Spiša, Smižany - interiér

Salvato in:
Dettagli Bibliografici
Autore principale: Dulíková, Anna (Autore)
Altri autori: Hronský, Michal (Relatore della tesi)
Natura: Manoscritto Libro
Lingua:slovacco
Pubblicazione: Bratislava 2016
Soggetti:
Accesso online:http://is.stuba.sk/zp/portal_zp.pl?podrobnosti=121603
Tags: Aggiungi Tag
Nessun Tag, puoi essere il primo ad aggiungerne!!

MARC

LEADER 00000ntm a22000003a 4500
001 stuzp57448
003 SK-STU
005 20210224091309.0
007 ta
008 150427s2015----xo-----f-mn---000-0-slo-d
040 |a STU  |b slo 
041 0 |a slo 
100 1 |a Dulíková, Anna  |u 055150  |4 aut  |U FAD Fakulta architektúry  |T FA Ústav interiéru a výstavníctva  |X 77550  |U A5150  |Y 396  |7 77550 
242 0 1 |a The Ethnographical museum of Spiš in Smižany  |y eng 
245 1 0 |a Národnopisné múzeum Spiša, Smižany - interiér 
260 |c 2016  |a Bratislava 
650 4 |a folklór  |2 slo 
650 4 |a kaviareň  |2 slo 
650 4 |a expozícia  |2 slo 
650 4 |a exposition  |2 eng 
650 4 |a folk  |2 eng 
650 4 |a caffe  |2 eng 
700 1 |a Hronský, Michal  |u 055150  |k Z1  |4 ths  |U FAD Fakulta architektúry  |T FA Ústav interiéru a výstavníctva  |X 404  |U A5150  |Y 396  |7 A000000404 
856 4 |u http://is.stuba.sk/zp/portal_zp.pl?podrobnosti=121603  |u https://opac.crzp.sk/?fn=detailBiblioForm&sid=FFEED6484134604A3C79AFB88729 
SQL |a stuzp57448  |b DDP  |c SLO  |d Národnopisné múzeum Spiša, Smižany - interiér  |e 77550  |f Dulíková, Anna  |g 055150  |h 404  |i Hronský, Michal  |j 20160602  |k 153  |l 05  |m http://is.stuba.sk/zp/portal_zp.pl?podrobnosti=121603  |n I-ARCH  |o 5.1.1. architektúra a urbanizmus